Dočisťovanie odpadovej vody koaguláciou a ozonizáciou za účelom jej opätovného použitia

Salvato in:
Dettagli Bibliografici
Autore principale: Konovalenko, Halyna (Autore)
Altri autori: Zakhar, Ronald (Relatore della tesi)
Natura: Manoscritto Libro
Lingua:slovacco
Pubblicazione: 2024
Soggetti:
Accesso online:http://is.stuba.sk/zp/portal_zp.pl?podrobnosti=176604
Tags: Aggiungi Tag
Nessun Tag, puoi essere il primo ad aggiungerne!!

MARC

LEADER 00000ntm a22000003a 4500
001 stuzp99160
003 SK-STU
005 20240601210508.6
007 ta
008 150427s2015----xo-----f-mn---000-0-slo-d
040 |a STU  |b slo 
041 0 |a slo 
100 1 |a Konovalenko, Halyna  |u 046290  |4 aut  |U FCHPT Ústav chemického a environmentálneho inžinierstva  |T FCHPT Oddelenie environmentálneho inžinierstva  |X 98973  |U C6290  |Y 120  |7 98973 
242 0 1 |a Post-treatment of Wastewater by Coagulation and Ozonation for Its Reuse  |y eng 
245 1 0 |a Dočisťovanie odpadovej vody koaguláciou a ozonizáciou za účelom jej opätovného použitia 
260 |c 2024 
650 4 |a ČOV Devínska Nová Ves  |2 slo 
650 4 |a ozonizácia  |2 slo 
650 4 |a reakčná kinetika  |2 slo 
650 4 |a recyklácia  |2 slo 
650 4 |a dočisťovanie odpadovej vody  |2 slo 
650 4 |a ozonation process  |2 eng 
650 4 |a WWTP Devínska Nová Ves  |2 eng 
650 4 |a wastewater treatment  |2 eng 
650 4 |a reaction kinetics  |2 eng 
650 4 |a recycling  |2 eng 
700 1 |a Zakhar, Ronald  |u 046290  |k Z1  |4 ths  |U FCHPT Ústav chemického a environmentálneho inžinierstva  |T FCHPT Oddelenie environmentálneho inžinierstva  |X 69351  |U C6290  |Y 120  |7 A0000069351 
856 4 |u http://is.stuba.sk/zp/portal_zp.pl?podrobnosti=176604